000 00826nam a2200241 i 4500
001 61672
003 ES-MaACL
005 20251201193351.0
007 t|
008 031113q1954 sp ||||1| spa d
245 0 0 _aFábulas completas /
_cEsopo, Fedro, La Fontaine, Iriarte y Samaniego ; traducción, noticias y notas de Juan y José Bergua.
260 _aMadrid :
_bEd. Ibéricas,
_c[1954?] (
_fSèz)
300 _a640 p. ;
_c16 cm.
700 0 _aEsopo
_947736
700 1 _aFedro.
_949082
700 1 _aLa Fontaine, Jean de,
_d1621-1695
_969147
700 1 _aIriarte, Tomás de (
_d1750-1791)
_965443
700 1 _aSamaniego, Félix María de.
_9102153
700 1 _aBergua, Juan B.,
_d1892-1991
_928018
700 1 _aBergua, José.
_928017
852 _aES-MaACL
_jC-10119
_bR.37202
999 _c61672
_d61672